000 00666nam a2200229 u 4500
005 20220916063612.0
008 141021s2007 r 000 0 eng d
020 _a1403487030
035 _aUPN01000200454
049 _aI
050 4 _aQL737 C2.7
_bC7.6
100 1 _aCrawford, Tracey
_936417
245 1 0 _aOsos /
_cTracey Crawford.
260 _aIllinois, EUA :
_bHeinemann,
_cc2007.
300 _a24 p. :
_bil. col. principalmente
440 0 _aCompáralos.
_pBellota
534 _pTítulo original:
_tBears
650 4 _aOSOS -
_vLITERATURA INFANTIL
_923577
650 7 _aLibros ilustrados para niños
_2
_921365
905 _aInfantil
999 _c172555
_d172555